| 000 -LEADER |
| fixed length control field |
00471nam a2200181Ia 4500 |
| 001 - CONTROL NUMBER |
| control field |
16124 |
| 003 - CONTROL NUMBER IDENTIFIER |
| control field |
GE_BSU |
| 008 - FIXED-LENGTH DATA ELEMENTS--GENERAL INFORMATION |
| fixed length control field |
181216s||||||||xx |||||||||||||| ||und|| |
| 040 ## - CATALOGING SOURCE |
| Transcribing agency |
GE_BSU |
| 080 ## - UNIVERSAL DECIMAL CLASSIFICATION NUMBER |
| Universal Decimal Classification number |
6 |
| 245 ## - TITLE STATEMENT |
| Title |
Power Shape. Declam. Powering your productivity. Traning Course |
| 260 ## - PUBLICATION, DISTRIBUTION, ETC. |
| Date of publication, distribution, etc. |
2013 |
| 300 ## - PHYSICAL DESCRIPTION |
| Extent |
337p.30cm. |
| 653 ## - INDEX TERM--UNCONTROLLED |
| Uncontrolled term |
(ქსეროქსი) |
| 653 ## - INDEX TERM--UNCONTROLLED |
| Uncontrolled term |
Power Shape. Declam |
| 653 ## - INDEX TERM--UNCONTROLLED |
| Uncontrolled term |
Powering your productivity. Traning Course |
| 942 ## - ADDED ENTRY ELEMENTS (KOHA) |
| Koha item type |
წიგნი |